Sports Quiz

Random Sports or Auto Racing Quiz

NASCAR Sprint Cup Inaugural Race Winners Quiz Stats

Quiz not verified by Sporcle

Challenge
Share
Tweet
Embed
Score 0/24 Timer 08:00
0 Plays Today
Track Driver % Correct
Auto Club Speedway (California Speedway)Jeff Gordon
97.2%
Indianapolis Motor SpeedwayJeff Gordon
97.2%
Kansas SpeedwayJeff Gordon
97.2%
Daytona International SpeedwayLee Petty
96.9%
Richmond International RacewayLee Petty
96.9%
Dover International SpeedwayRichard Petty
96.2%
Pocono RacewayRichard Petty
96.2%
Las Vegas Motor SpeedwayMark Martin
80.5%
Texas Motor SpeedwayJeff Burton
79%
New Hampshire Motor SpeedwayRusty Wallace
76.9%
Chicagoland SpeedwayKevin Harvick
76.7%
Homestead-Miami SpeedwayTony Stewart
74.4%
Track Driver % Correct
Kentucky SpeedwayKyle Busch
70.5%
Infineon Raceway (Sears Point)Ricky Rudd
66.2%
Phoenix International RacewayAlan Kulwicki
62.3%
Michigan International SpeedwayCale Yarborough
60.8%
Charlotte Motor SpeedwayJoe Lee Johnson
60%
Watkins Glen (Return in 1986)Tim Richmond
47.9%
Martinsville SpeedwayRed Byron
46.7%
Atlanta Motor SpeedwayGlenn 'Fireball' Roberts
44.9%
Talladega SuperspeedwayRichard Brickhouse
42.6%
Watkins Glen (Inaugural Race Overall)Buck Baker
41%
Darlington RacewayJohnny Mantz
31.3%
Bristol Motor SpeedwayJack Smith
27.7%

You're not logged in!

Compare scores with friends on all Sporcle quizzes.
Sign Up with Email
OR
Log In

You Might Also Like...

Show Comments

Extras

Top Quizzes Today


Score Distribution

Your Account Isn't Verified!

In order to create a playlist on Sporcle, you need to verify the email address you used during registration. Go to your Sporcle Settings to finish the process.